Ice Hockey Players in the Triple Gold Club - Statistics

General Stats
  • This quiz has been taken 55 times
    36 since last reset
  • The average score is 10 of 30
Answer Stats
Year Player % Correct
2015 Sidney Crosby
74%
1996 Peter Forsberg
71%
2005 Jaromír Jágr
65%
2002 Joe Sakic
61%
2006 Nicklas Lidström
61%
2022 Valtteri Filppula
55%
2010 Jonathan Toews
52%
2011 Patrice Bergeron
52%
2008 Henrik Zetterberg
48%
1997 Igor Larionov
42%
1997 Viacheslav Fetisov
42%
1994 Mats Näslund
39%
2018 Pavel Datsyuk
39%
2016 Corey Perry
35%
1994 Håkan Loob
32%
2002 Rob Blake
32%
2004 Scott Niedermayer
32%
2010 Eric Staal
29%
1994 Tomas Jonsson
26%
2002 Brendan Shanahan
23%
2007 Chris Pronger
23%
2008 Niklas Kronwall
23%
2005 Jiří Šlégr
19%
2000 Alexander Mogilny
16%
2019 Jay Bouwmeester
16%
1996 Alexei Gusarov
6%
2006 Fredrik Modin
6%
2008 Mikael Samuelsson
6%
1996 Valeri Kamensky
3%
2000 Vladimir Malakhov
0%
No matching quizzes found
Score Distribution
Percent of People with Each Score
Percentile by Number Answered
Your Score History
You have not taken this quiz since the last reset